| 000 | 00584cab a2200217 4500 | ||
|---|---|---|---|
| 001 | ABS41224 | ||
| 008 | 090401t1989 xxu||||| |||| 00| 0 eng d | ||
| 035 | _a(Sirsi) u28944 | ||
| 041 | _aeng | ||
| 100 | _aPorritt, J. | ||
| 245 | _aAccounting for the planet`s survival | ||
| 260 | _c1989 | ||
| 350 | _a0 | ||
| 490 |
_aAccountancy _v104(1153) September 1989, 19-20(2) |
||
| 520 | _aQuestions the economic approach to environment al issues. | ||
| 650 | _aECONOMICS | ||
| 650 | _aPOLLUTION | ||
| 690 | _aCONSERVATION AND THE ENVIRONMENT | ||
| 942 | _n0 | ||
| 948 | _c04/03/1997 | ||
| 999 |
_c19474 _d19474 |
||